Macroinvertebrados, macrofitas y peces de la Reserva Natural Laguna de Sonso / (Registro nro. 19125)

Detalles MARC
000 -CABECERA
Campo de control 01086nam a2200229 a 4500
005 - FECHA Y HORA DE LA ULTIMA TRANSACCION
Campo de control 20170710162346.0
008 - ELEMENTOS DE LONGITUD FIJA—INFORMACION GENERAL
Campo de control 161118s2009 ck a||||r|||| 00| 0 spa d
020 ## - ISBN
ISBN 9789588332215
040 ## - FUENTE DE CATALOGACIÓN
Agencia catalogadora original CO-BoIAVH
Agencia transcriptora CO-BoIAVH
041 04 - IDIOMA
Código de idioma para texto/pista de sonido o título separado Español
044 ## - PAÍS DE PUBLICACIÓN
País de publicación Colombia
090 ## - CLASIFICACIÓN LOCAL
Colección FG-
Consecutivo 0093
110 ## - ASIENTO PRINCIPAL--NOMBRE CORPORATIVO
Nombre corporativo o de jurisdicción como elemento de entrada Corporación Autonoma Regional del Valle del cauca CVC
9 (RLIN) 82390
245 00 - MENCION DE TITULO
Título Macroinvertebrados, macrofitas y peces de la Reserva Natural Laguna de Sonso /
260 ## - PUBLICACION, DISTRIBUCION, ETC. (PIE DE IMPRENTA)
Lugar de publicación, distribución, etc. Cali, Colombia :
Nombre del editor, distribuidor, etc. Corporación Autónoma Regional del Valle del Cauca,
Fecha de publicación, distribución, etc. 2009.
300 ## - DESCRIPCION FISICA
Extensión 1 folleto plegable :
Otros detalles físicos ilustraciones a color ;
Dimensiones 22 x 10 cm.
650 24 - ASIENTO SECUNDARIO DE MATERIA - TERMINO TEMATICO
Término temático o nombre geográfico como elemento de entrada Macroinvertebrados
Subdivisión de forma Guía
Subdivisión general identificación
Subdivisión geográfica Reserva Natural Laguna de Sonso (Valle del Cauca, Colombia)
9 (RLIN) 82391
650 24 - ASIENTO SECUNDARIO DE MATERIA - TERMINO TEMATICO
Término temático o nombre geográfico como elemento de entrada Macrófitas
Subdivisión general identificación
Subdivisión geográfica Reserva Natural Laguna de Sonso (Valle del Cauca, Colombia)
Subdivisión de forma Guía
9 (RLIN) 82392
650 26 - ASIENTO SECUNDARIO DE MATERIA - TERMINO TEMATICO
Término temático o nombre geográfico como elemento de entrada Peces
Subdivisión general identificación
Subdivisión geográfica Reserva Natural Laguna de Sonso (Valle del Cauca, Colombia)
Subdivisión de forma Guía
9 (RLIN) 82393
710 2# - ASIENTO SECUNDARIO - NOMBRE CORPORATIVO
Nombre corporativo o de jurisdicción como elemento de entrada Corporación Autónoma Regional del Valle del Cauca - CVC
9 (RLIN) 82394
942 ## - ELEMENTOS ADICIONALES (KOHA)
Sistema de clasificación Local
Tipo de ítem Folleto
Existencias
Withdrawn status Lost status Sistema de Clasificación Damaged status No para préstamo Colección Inventariado Ubicación Permanente Ubicación actual Fecha de adquisición Total Checkouts Número topográfico Inventario / Código de Barras Date last seen Ejemplar Price effective from Forma de adquisición Tipo de material
    Local     Hemeroteca Inventariado 2017 Bogotá Bogotá 18/11/2016   FG-0093 040813 18/11/2016 Ej. 1 18/11/2016 Donación Folleto
    Local     Hemeroteca   Bogotá Bogotá 07/06/2017   FG-0093 041355 07/06/2017 Ej. 2 07/06/2017 Donación Folleto
    Local     Hemeroteca   Bogotá Bogotá 15/03/2018   FG-0093 043526 15/03/2018 Ej. 3 15/03/2018 Donación Folleto